00321nam a2200121Ia 4500008004100000041000800041082001200049100001900061245002500080260003500105300001800140520004100158240719s9999 xx 000 0 und d aeng a657 WAR aWarren, Carl S aFinancial Accounting aNew DelhibThomson Pressc2001 a684;.P 28 Cm. aGifted By : IMT Faculty Dr.Pawan sir